Saham

Bibliographic Details
Main Author: Mohd.Salleh Majid
Format: Book
Published: Kuala Lumpur : Dewan Bahasa Dan Pustaka , 1993
Subjects:

MARC

LEADER 00000cam a2200000 7i4500
001 0000005009
002 000005400
005 20000330.0
020 |a T000000434 
090 0 0 |a 332.6409595   |b MOH 
100 0 |a Mohd.Salleh Majid 
245 1 0 |a Saham   |c Mohd.Salleh Majjid 
260 |a Kuala Lumpur :   |b Dewan Bahasa Dan Pustaka ,   |c 1993 
300 |a 311p. ;   |c 23cm. 
650 0 0 |a Stocks   |z Malaysia#   |a Stock-exchange   |z Malaysia#   |a Securities industries   |z Malaysia 
999 |a 033562   |b BUKU   |c PINJAMAN   |e PERPUSTAKAAN KOMUNITI PETALING JAYA